[Event "Moscow-ch Men 2020"]
[Site "Moscow"]
[Date "2020.09.20"]
[Round "8.1"]
[White "Rostovtsev, Dmitry"]
[Black "Antipov, Mikhail Al."]
[Result "0-1"]
[WhiteElo "1737"]
[BlackElo "2584"]
[Annotator "TA"]
[PlyCount "116"]
[EventDate "2020.09.15"]
[EventType "swiss"]
[EventCountry "RUS"]
[SourceTitle "playchess.com"]
[Source "ChessBase"]
[SourceQuality "1"]

{[%evp 9,116,26,22,19,12,11,13,14,17,6,24,12,10,10,12,8,13,0,9,4,12,14,14,0,0,-18,7,-8,0,0,0,0,13,-62,-59,-51,-37,-38,-25,-21,-22,-27,-8,-36,-56,-55,-47,-40,-12,-91,-37,-195,-196,-279,-277,-440,-242,-258,-256,-228,-171,-341,-342,-318,-193,-313,-319,-306,-306,-306,-309,-308,-295,-337,-281,-253,-257,-262,-255,-240,-223,-268,-252,-295,-306,-323,-315,-651,-641,-631,-638,-654,-658,-833,-813,-1430,-1325,-4137,-4137,-1762,-795,-29977,-29978,-29978,-29977,-29979,-29980,-29982,-29983]} 1. e4 e5 2. Nf3 Nc6 3. Bb5 Nf6 4. d3 Bc5 5. Bxc6 dxc6 6. O-O {C65: Ruy Lopez: Berlin Defence (3...Nf6), unusual lines and 4 0-0 Bc5.} Nd7 7. Nbd2 O-O 8. Nc4 {The position is equal.} f6 9. Bd2 Qe7 {[#]} 10. a4 $146 ({Predecessor:} 10. a3 Nb6 11. b4 Bd6 12. Ne3 c5 13. Nh4 cxb4 14. Nhf5 Bxf5 15. Nxf5 Qe6 16. axb4 {½-½ (51) Packroff,H (2231)-Hoynck van Papendrecht,F (2120) ICCF email 2016}) 10... Nb6 11. Ne3 Be6 12. a5 Nc8 13. Qe1 Qd7 14. Bb4 Bd6 15. Qc3 b6 16. Bxd6 Nxd6 17. axb6 cxb6 18. Rfd1 c5 19. b4 Nb5 20. Qb2 Nd4 21. Nd2 ({White should try} 21. bxc5 $11 bxc5 22. Ra5) 21... cxb4 $15 22. Qxb4 Rfc8 23. Qb2 Ne2+ 24. Kf1 $1 {[%cal Rf1e2]} Nc3 25. Rdc1 b5 26. Ra6 Na4 27. Qa3 Nc5 $36 {[%mdl 2048] Threatens to win with ...b4. Black has good play.} 28. Ra5 a6 (28... b4 $5 {[%cal Rb4a3]} 29. Qa1 Rc7 $15) 29. Ke2 {[#]} (29. Ra1 $11 {keeps the balance.}) 29... Rc6 (29... b4 $1 $17 {[%mdl 512]} 30. Qa1 (30. Qxb4 Nxd3) 30... Rab8) 30. Rxb5 $2 {This costs White the game.} (30. Rb1 $15) 30... Nxd3 $1 $19 {[%mdl 64] Pin} 31. Rd1 (31. cxd3 $142 Rxc1 32. Rxe5) 31... Nf4+ ({And not} 31... axb5 32. Qxa8+ Rc8 33. Qa3 $11) 32. Kf1 (32. Ke1 {only move.} Rc3 33. Qxc3 Qxb5 34. Ndc4) 32... Rxc2 ({Not} 32... axb5 33. Qxa8+ Rc8 34. Qa5 $15) (32... Rc3 $142 33. Rb8+ Rxb8 34. Qxc3 Qb5+ 35. Ndc4 Rc8) 33. Rb2 Rxb2 34. Qxb2 Rd8 {White must now prevent ...Qd3+.} 35. Qc2 $2 (35. Qb1) 35... Qb5+ 36. Kg1 Qe2 37. Nf3 (37. Nb1 $142 Rxd1+ 38. Qxd1) 37... Rxd1+ 38. Qxd1 Qxd1+ 39. Nxd1 {[%mdl 4096] Endgame KBN-KNN} a5 40. Nc3 Kf7 41. g3 Nd3 42. Kf1 Ke7 43. Ke2 Nb4 44. Nd2 Kd6 45. f4 Nc6 46. Kd3 Kc5 47. Ke3 g5 48. h4 $2 (48. f5 Bf7 49. Kd3) 48... exf4+ {[%mdl 64] [#] Overworked Piece} 49. gxf4 gxh4 50. Nf3 h3 51. f5 Bb3 52. Kf4 a4 53. Nxa4+ Bxa4 54. Kg3 Bc2 55. Kf4 Bd1 {Black mates.} 56. Nh2 Kd4 57. Kg3 Kxe4 58. Kxh3 Be2 {Accuracy: White = 48%, Black = 77%.} 0-1

[Event "Moscow-ch Men 2020"]
[Site "Moscow"]
[Date "2020.09.20"]
[Round "8.2"]
[White "Apryshko, Gleb"]
[Black "Gubajdullin, Alexei"]
[Result "1-0"]
[WhiteElo "2388"]
[BlackElo "2344"]
[Annotator "TA"]
[PlyCount "109"]
[EventDate "2020.09.15"]
[EventType "swiss"]
[EventCountry "RUS"]
[SourceTitle "playchess.com"]
[Source "ChessBase"]
[SourceQuality "1"]

{[%evp 9,109,46,89,86,154,102,82,84,130,73,97,97,125,125,126,124,133,130,129,121,255,238,241,177,181,165,178,153,269,214,321,330,311,329,330,320,400,319,315,308,315,308,301,297,310,310,334,288,265,216,252,250,324,322,309,243,231,0,314,321,359,352,353,350,439,435,421,403,476,473,463,459,458,466,464,461,396,470,456,461,447,393,459,444,819,769,29966,29967,29962,29965,29965,650,29965,29965,29966,29967,7677,12221,4137,4137,29975,29975]} 1. e4 d6 2. d4 Nf6 3. Nc3 g6 4. f4 c6 5. Nf3 {[#]} Bh6 $146 ({Predecessor:} 5... Bg7 6. Be2 O-O 7. O-O b5 8. e5 dxe5 9. fxe5 Nd5 10. Nxd5 Qxd5 11. Be3 Bf5 12. Qd2 Nd7 13. b3 Nb6 14. Rac1 Rad8 15. c4 bxc4 16. bxc4 {½-½ (96) Yoo,C (2455)-Srihari,L (2414) chess.com INT 2020}) 6. Bd3 {B09: Pirc Defence: Austrian Attack.} Nh5 (6... O-O $142) 7. g3 ({White should try} 7. f5 Bg7 8. g4) 7... Na6 8. a3 {White is better.} Nc7 9. Be3 (9. f5 $142 Bg7 10. O-O) 9... d5 10. e5 f5 11. b4 b6 12. a4 a5 13. b5 cxb5 14. axb5 Ne6 (14... O-O $16 15. O-O Rb8) 15. Na4 $18 Bb7 16. Nd2 O-O 17. Rf1 Kh8 18. c3 Neg7 (18... Rb8 $16 19. Ke2 Rc8) 19. Be2 Ne6 (19... Rb8 $142 20. Rc1 Ne6) 20. Bxh5 gxh5 21. Qxh5 Bg7 22. Nf3 Qd7 23. Kd2 Qxb5 24. Rfb1 Qe8 25. Qxe8 Rfxe8 26. Rxb6 Nd8 27. Nc5 {[%cal Ba4c5,Bc5a6,Ba6b8,Bb8d7][%mdl 32]} Bc6 28. Na6 {Nc7 is the strong threat.} Ra7 29. e6 Rb7 30. Rab1 a4 31. Nb8 Rc7 32. Ra6 Rb7 33. Rab6 $2 (33. Nxc6 Rxb1 34. Nb4 a3 $16) (33. Rxb7 $18 Bxb7 34. Ra7 (34. Rxa4 Nxe6 35. Nd7 Nf8 $16)) 33... Rxb6 $4 {[%mdl 8192]} (33... Rc7 $1 $11 {and Black has nothing to worry.}) 34. Rxb6 Bb7 35. Nd7 a3 {[#] Strongly threatening ...a2.} 36. Kc2 Ba8 37. Rb8 Bc6 38. Kb3 h6 39. Nfe5 Bxe5 40. Nxe5 (40. dxe5 Rg8 $18) 40... Ba4+ 41. Kxa3 ({Wrong is} 41. Kxa4 $2 a2 $19) 41... Nxe6 42. Ng6+ ({Not} 42. Rb6 Ra8 $18) 42... Kg7 43. Rxe8 ({Weaker is} 43. Kxa4 Rxb8 44. Nxe7 h5 $14) 43... Bxe8 44. Nxe7 {[%mdl 4160] [#] Endgame Double Attack. KBN-KBN} Nc7 45. Nxf5+ Kg6 46. Nh4+ Kh5 (46... Kg7 $142 47. Kb4 Na6+ 48. Ka5 Nb8 49. Nf5+ Kh7) 47. h3 Bb5 48. Bf2 {[%csl Gh3][%cal Rg3g4]} Bd7 49. g4+ Bxg4 50. hxg4+ Kxg4 51. f5 Kg5 52. Kb4 Ne8 53. Kc5 Nf6 54. Be1 h5 55. Kd6 {Accuracy: White = 75%, Black = 46%.} 1-0

[Event "Moscow-ch Men 2020"]
[Site "Moscow"]
[Date "2020.09.20"]
[Round "8.3"]
[White "Maslovskiy, Vladimir"]
[Black "Stukan, Martin"]
[Result "0-1"]
[WhiteElo "1767"]
[BlackElo "2325"]
[Annotator "TA"]
[PlyCount "114"]
[EventDate "2020.09.15"]
[EventType "swiss"]
[EventCountry "RUS"]
[SourceTitle "playchess.com"]
[Source "ChessBase"]
[SourceQuality "1"]

{[%evp 16,114,16,9,13,11,30,-4,4,0,0,0,0,4,0,0,0,-55,-37,-60,-52,-63,-72,-71,-55,-100,-108,-164,-166,-207,-203,-256,-189,-195,-175,-224,-154,-151,-164,-147,-147,-276,-270,-284,-283,-293,-277,-275,-276,-269,-170,-335,-272,-354,-297,-295,-295,-325,-283,-327,-320,-338,-336,-615,-605,-536,-395,-683,-625,-2046,-1912,-1955,-1906,-1765,-1736,-1406,-1152,-1438,-1300,-29981,-29982,-29982,-29983,-29984,-29985,-29985,-29986,-29987,-29988,-29988,-29989,-29989,-29990,-29990,-29991,-29991,-29992,-29992,-29992,-29994,-29993]} 1. e4 c5 2. Nf3 d6 3. d4 cxd4 4. Nxd4 Nf6 5. Nc3 a6 6. Be2 e5 7. Nb3 Be7 8. O-O O-O 9. Re1 Be6 {B92: Sicilian Najdorf: 6 Be2.} 10. Bf3 Nbd7 {[%cal Bb8d7,Bd7b6,Bb6c4,Bc4a5,Ba5c6,Bc6d4,Bd4f3][%mdl 32]} 11. Be3 Nb6 {The position is equal.} 12. a4 Nc4 13. Bc1 Rc8 14. Nd2 Na5 15. Nf1 Nc6 {[#]} 16. Nd5 $146 (16. Be3 $11) ({Predecessor:} 16. Be3 Nb4 17. Bd2 Nc6 18. Be3 Nb4 19. Bd2 Nc6 20. Be3 {½-½ (18) Oparin,G (2587)-Sarana,A (2573) Yaroslavl 2018}) 16... Nd4 $36 {[%mdl 2048] Hoping for ...Bxd5. Black has some pressure.} 17. Nfe3 Nxd5 18. exd5 Nxf3+ 19. Qxf3 {[#]} Bd7 $1 20. Qe2 f5 21. f3 (21. b3 $17) 21... Qc7 $19 22. c3 f4 23. Nc2 Qc5+ 24. Kh1 Qxd5 25. Rd1 Qc4 26. Qxc4+ Rxc4 27. Nb4 Kf7 28. Nd5 (28. Bd2 $17 {was called for.}) 28... Rxa4 ({Don't play} 28... Bxa4 29. Rd2 $19) 29. Rb1 Bf5 30. b3 Bxb1 31. bxa4 Bc2 32. Rd2 Bxa4 {And now ...Bd8 would win.} 33. Ba3 $2 (33. Nxe7 Kxe7 {[#]} 34. Rxd6 $1 {[%mdl 512]}) 33... Rd8 34. c4 Bc6 {Strongly threatening ...Bxd5.} 35. Nxe7 Kxe7 {[%mdl 4096] Endgame KRB-KRB} 36. Kg1 Ke6 37. Kf2 d5 38. cxd5+ Rxd5 ({Resist} 38... Bxd5 39. Bb2) 39. Rxd5 $2 (39. Bb4) 39... Kxd5 {KB-KB} 40. Bf8 g6 41. g3 $2 (41. Bb4) 41... fxg3+ 42. hxg3 a5 43. Ke3 b5 {[%cal Bb7b5,Bb5b4,Bb4b3][%mdl 32]} 44. Kd3 b4 45. Be7 Bb5+ 46. Ke3 Kc4 47. Ke4 b3 {Black mates.} 48. Ba3 Kc3 49. Kxe5 b2 50. Bxb2+ Kxb2 {KB-KPP} 51. Kf6 a4 52. Kg7 a3 53. Kxh7 a2 54. Kxg6 a1=Q 55. f4 Qa6+ 56. Kg5 Qe6 57. g4 {[#]} Qe3 $1 {Accuracy: White = 41%, Black = 88%.} 0-1

[Event "Moscow-ch Men 2020"]
[Site "Moscow"]
[Date "2020.09.20"]
[Round "8.4"]
[White "Galaktionov, Artem"]
[Black "Usov, Aleksandr E."]
[Result "1-0"]
[WhiteElo "2319"]
[BlackElo "2069"]
[Annotator "TA"]
[PlyCount "125"]
[EventDate "2020.09.15"]
[EventType "swiss"]
[EventCountry "RUS"]
[SourceTitle "playchess.com"]
[Source "ChessBase"]
[SourceQuality "1"]

{[%evp 15,124,22,26,19,18,21,73,18,46,0,90,24,43,54,51,45,298,309,300,208,216,218,220,195,197,197,209,203,286,283,316,315,338,322,380,343,389,383,450,457,457,457,449,457,460,460,451,435,499,497,581,568,635,633,643,643,643,643,643,643,789,794,789,785,1037,1031,969,928,1240,1181,1487,1461,5999,5922,5803,5411,4740,5604,5800,5789,29974,29975,29978,29980,29986,29987,29986,29987,29987,29988,29990,29991,29991,29992,29992,29993,29993,29994,29994,29995,29995,29996,29996,29997,29997,29997,29997,29998,29998,29999,29999]} 1. g3 d5 2. Bg2 Nf6 3. Nf3 Bf5 4. O-O e6 5. b3 Nbd7 6. Bb2 Bd6 7. d3 O-O 8. Nbd2 h6 9. Qe1 {[#] And now e4 would win. A07: Réti Opening: New York and Capablanca Systems.} Bb4 10. a3 Ba5 {[#]} (10... Be7 $11) 11. h3 $146 (11. b4 $16 Bb6 12. e4) ({Predecessor:} 11. b4 Bb6 12. e4 Bh7 13. Qe2 c5 14. c4 dxe4 15. dxe4 Qc7 16. e5 Ng4 17. h3 Nxf2 18. Qxf2 cxb4 {1-0 (36) Barletta,M-Mira,H (2130) Zuerich 1989}) 11... Bh7 12. c4 {aiming for b4.} dxc4 (12... c6 $11) 13. bxc4 (13. b4 $16) 13... e5 14. Nxe5 Nxe5 15. Bxe5 Bxd3 $2 {[%mdl 8192] This costs Black the game.} ({Black should try} 15... Re8 $14 16. Bxf6 Qxf6) 16. exd3 $18 Qxd3 17. Bf4 {Strongly threatening Qb1.} (17. Bxb7 Rae8 $11) 17... Rad8 {[%cal Ra5d2]} 18. Ra2 ({Stronger than} 18. Bxb7 Bxd2 19. Bxd2 Qxd2 $11) 18... Nh5 19. Qe5 Nxf4 20. Qxa5 b6 21. Qb4 Ne2+ (21... Nxg2 {was necessary.} 22. Kxg2 Qe2) 22. Kh2 Nc3 23. Rb2 a5 {[#]} 24. Qb3 $1 a4 25. Qc2 Qxc2 26. Rxc2 Rd3 27. Nf3 Re8 28. Re1 Rxe1 29. Nxe1 Rd1 30. Rxc3 Rxe1 {[%mdl 4096] Endgame KRB-KR} 31. Bc6 Re2 32. Kg2 f5 33. Bxa4 Kf7 34. c5 Rb2 35. cxb6 cxb6 36. Rb3 Ra2 37. Bd7 g6 38. a4 Ke7 39. Bc6 Kd6 40. Rxb6 Kc5 41. Ra6 Kd4 42. Bb5 g5 43. Rxh6 f4 44. gxf4 gxf4 45. Kf3 Ke5 46. Rh5+ Kf6 47. h4 Kg6 48. Rc5 {White mates.} Kh6 49. h5 Rb2 50. a5 Ra2 51. a6 Kg7 52. Rc6 Ra5 53. h6+ Kf7 54. Bc4+ Ke7 55. h7 Rh5 56. a7 Rh3+ 57. Ke4 f3 58. a8=Q Rh4+ 59. Kd3 Rd4+ 60. Kc3 Rd3+ 61. Bxd3 Kd7 62. Qb7+ Kd8 63. h8=Q# {Accuracy: White = 75%, Black = 40%.} 1-0

[Event "Moscow-ch Men 2020"]
[Site "Moscow"]
[Date "2020.09.20"]
[Round "8.5"]
[White "Anfinogenov, Artem"]
[Black "Tunik, Sergey"]
[Result "1-0"]
[WhiteElo "2054"]
[BlackElo "2160"]
[Annotator "TA"]
[PlyCount "65"]
[EventDate "2020.09.15"]
[EventType "swiss"]
[EventCountry "RUS"]
[SourceTitle "playchess.com"]
[Source "ChessBase"]
[SourceQuality "1"]

{[%evp 18,65,21,2,22,9,58,-27,-28,-24,-29,-23,51,57,45,47,56,51,55,46,56,58,58,62,106,122,120,125,122,117,149,117,177,66,260,252,239,242,437,422,601,597,574,572,572,569,566,561,535,474]} 1. d4 d5 2. c4 e6 3. Nc3 Nf6 4. cxd5 exd5 5. Bg5 c6 6. e3 Be7 7. Bd3 Nbd7 8. f3 O-O 9. Nge2 Re8 10. Qc2 Nf8 {D36: Queen's Gambit Declined: Exchange Variation: Main line (5 Bg5 c6 6 Qc2).} 11. Bh4 c5 {[#]} 12. Bf2 $146 ({Better is} 12. dxc5 $14 Bxc5 13. Bxf6 gxf6 14. Rd1) ({Predecessor:} 12. O-O Be6 13. Rad1 Rc8 14. Kh1 c4 15. Bf5 Qd7 16. Bxe6 fxe6 17. Bxf6 Bxf6 18. e4 {1-0 (90) David,A (2545)-Neelash,S (2356) Mumbai 2020}) 12... c4 $11 {Black has an edge.} 13. Bf5 Bxf5 14. Qxf5 Qd7 ({Black should try} 14... b5 $11) 15. Qxd7 $14 N8xd7 16. O-O-O Bb4 17. g4 Nb6 18. a3 Bxc3 19. Nxc3 a6 20. Rhe1 g5 21. h4 h6 22. Rh1 Rad8 23. Rh2 Re6 24. Rdh1 {Hoping for hxg5.} Rde8 (24... Kf8 $16) 25. Kd2 (25. hxg5 $18 hxg5 26. Ne2) 25... Nc8 $2 {Black cannot hold the game after this.} (25... Kg7 $14) 26. hxg5 $18 hxg5 {[#]} 27. Bg3 $1 {[%cal Rg3e5] aiming for Be5.} Ne7 $2 (27... Kg7 {might work better.} 28. Be5 Nb6) 28. Be5 {White is clearly winning.} Ng6 {[#]} (28... Kg7 $142 29. Rh7+ Kf8) 29. Nxd5 $1 {[%mdl 512]} Nxe5 (29... Nxd5 30. Rh8+) 30. Nxf6+ Rxf6 31. Rh8+ ({Weaker is} 31. dxe5 Rfe6 $18) 31... Kg7 32. Rxe8 Nxf3+ 33. Ke2 {Accuracy: White = 75%, Black = 46%.} 1-0

[Event "Moscow-ch Men 2020"]
[Site "Moscow"]
[Date "2020.09.20"]
[Round "8.6"]
[White "Bukreev, Stanislav"]
[Black "Teiitbaev, Aktilek"]
[Result "0-1"]
[WhiteElo "1468"]
[BlackElo "2106"]
[Annotator "TA"]
[PlyCount "104"]
[EventDate "2020.09.15"]
[EventType "swiss"]
[EventCountry "RUS"]
[SourceTitle "playchess.com"]
[Source "ChessBase"]
[SourceQuality "1"]

{[%evp 9,104,6,20,15,15,0,0,0,0,-23,-6,-25,-44,-27,0,-100,0,-14,24,44,24,26,35,22,43,34,107,98,104,97,146,148,224,212,196,200,170,0,148,0,77,-54,-34,-37,-47,-143,-60,-64,0,0,179,158,179,153,147,143,168,81,60,0,0,0,0,0,0,0,0,-392,0,-471,-462,-845,-734,-870,-291,-1078,-999,-892,-783,-12841,-12841,-29986,-29987,-29988,-12842,-12841,-12841,-12840,-12840,-29986,-29987,-29987,-29988,-29988,-29989,-29990,-29989]} 1. d4 Nf6 2. c4 e6 3. Nf3 b6 4. e3 Bb4+ 5. Bd2 Bxd2+ 6. Nbxd2 {E14: Queen's Indian: Classical Variation (4 e3).} O-O 7. Qc2 c5 8. Bd3 {The position is equal.} Nc6 9. a3 cxd4 10. exd4 {[#]} d5 $146 ({Predecessor:} 10... Bb7 11. O-O d5 12. cxd5 Qxd5 13. Rad1 Nxd4 14. Qb1 Rfd8 15. Rfe1 h6 16. Bf1 Qh5 17. Nxd4 Rxd4 {0-1 (41) Sarivan,M-Itkis,B (2473) Kishinev 2005}) 11. c5 bxc5 12. dxc5 (12. Qxc5 $11 {was the only way to keep the balance.} Bb7 13. O-O) 12... e5 (12... a6 $17 13. Be2 e5) 13. Bb5 $11 Qc7 14. Bxc6 Qxc6 15. O-O Re8 16. Rfe1 Qc7 17. b4 e4 (17... Bg4 $14) 18. Nd4 $1 $16 Ng4 19. Nf1 Qe5 20. Qd2 f5 (20... Qb8 $16 21. f3 Nf6) 21. f4 $18 Qe7 22. h3 Nf6 23. Nc6 $2 ({Better is} 23. Ne3 $18) 23... Qe6 (23... Qc7 $1 $11 {keeps the balance.} 24. Nd4 g6) 24. Ne5 ({White must play} 24. b5 $1 $16) 24... Ba6 (24... Nh5 $1 $11) 25. g3 (25. Ng3 $16) 25... Rad8 $15 26. Qd4 Nh5 $1 {aiming for ...g5!} 27. Kf2 {[#]} (27. Kh2 $1 $15) 27... g5 $1 {[%mdl 512]} 28. Ne3 $1 (28. fxg5 Qxe5) 28... gxf4 (28... h6 $15 29. Ng2 Qf6) 29. gxf4 $11 Qh6 $2 (29... Nxf4 $11 30. Rg1+ Kf8) 30. Rg1+ $18 Kf8 31. Rg5 Nxf4 32. Rxf5+ Ke7 {[#]} 33. Nc6+ (33. Ke1 $1 $18 {and White stays clearly on top.} Rf8 34. N5g4 (34. Nc6+ Kd7 $14)) 33... Kd7 $16 34. Rf7+ (34. Qf6 $14 Qxf6 35. Rxf6 Nd3+ 36. Kg3) 34... Kc8 $11 35. Nxa7+ Kb8 {( -> ...Qh4+)} 36. Nc6+ $1 Qxc6 37. Rxf4 Qc7 $36 {[%mdl 2048] Black is pushing.} 38. Ng2 $2 {[%mdl 8192]} (38. Rg4 $1 $11 {and White stays safe.}) 38... Bc8 $2 (38... Rg8 $19 {...Rxg2+! is the strong threat.} 39. Qf6 Rg6) 39. Qf6 $2 {[%mdl 8192]} (39. Rf6 $1 $11) 39... d4 $19 40. Rd1 (40. Re1 $142 e3+ 41. Kg1) 40... e3+ 41. Ke1 Bxh3 $2 (41... d3 42. a4 Re6) 42. Nh4 $2 (42. Rdxd4 Bxg2 43. Rd6) 42... d3 43. Nf3 Be6 {Threatens to win with ...d2+.} 44. a4 d2+ 45. Ke2 {[#]} Bb3 $1 {[%mdl 512]} 46. Ng1 Bxd1+ (46... Bc4+ $142 47. Kf3 e2 48. Nxe2 Bxe2+ 49. Kg2 Bxd1 50. a5 {[#]} Bf3+ $1 {[%mdl 512]} 51. Kh3 d1=Q 52. Rxf3 Rg8 53. Qxd8+ Qcxd8 54. Kh2 Qxf3 55. b5 Qh5#) 47. Kxd1 {[#]} e2+ $1 48. Nxe2 {[#]} Rxe2 $1 {[%mdl 512]} 49. Rf1 (49. Kxe2 d1=Q+) 49... Re1+ {[%mdl 64] Decoy, Promotion. Black mates.} 50. Rxe1 dxe1=Q+ 51. Kxe1 Qg3+ 52. Ke2 Qd3+ {A wild game. Accuracy: White = 52%, Black = 56%.} 0-1

[Event "Moscow-ch Men 2020"]
[Site "Moscow"]
[Date "2020.09.20"]
[Round "8.7"]
[White "Uskov, Artem"]
[Black "Fedosov, Alexander"]
[Result "1-0"]
[WhiteElo "2164"]
[BlackElo "1324"]
[Annotator "TA"]
[PlyCount "53"]
[EventDate "2020.09.15"]
[EventType "swiss"]
[EventCountry "RUS"]
[SourceTitle "playchess.com"]
[Source "ChessBase"]
[SourceQuality "1"]

{[%evp 9,53,0,54,12,23,-20,0,0,6,0,41,31,51,12,10,7,6,0,29,36,0,0,0,-3,30,27,39,44,48,42,59,38,394,375,570,571,1289,1294,29977,29978,5733,5186,29993,29994,29994,29995]} 1. e4 c6 2. d4 d5 3. f3 dxe4 4. fxe4 e5 5. Nf3 Be6 ({Better is} 5... exd4 $11 6. c3 Nf6) 6. Nc3 {B12: Caro-Kann: Advance Variation.} Nd7 {[#]} 7. Be2 $146 ({Predecessor:} 7. d5 Bg4 8. Be2 Bc5 9. Qd3 Ngf6 10. Be3 Qb6 11. Bxc5 Nxc5 12. Qc4 O-O 13. O-O-O Rac8 {0-1 (33) Kotliar,M (2300)-Ezat,M (2401) chess.com INT 2020}) 7... Bd6 8. d5 {The position is equal.} cxd5 9. exd5 Bg4 10. O-O Ngf6 11. Ng5 (11. Nh4 $5 {[%cal Re2g4]} Bxe2 12. Qxe2 $14) 11... Bxe2 12. Qxe2 O-O 13. Nce4 Nxe4 14. Qxe4 {[%csl Gg5][%cal Re4h7] [#]} g6 15. c4 f5 16. Qe2 {Threatening Ne6.} Bc5+ 17. Kh1 Qe7 18. Ne6 Rfc8 19. b3 $36 {[%mdl 2048] And now g4 would win. White fights for an advantage.} Bd6 20. Bb2 (20. Bg5 $5 {[%cal Rg5e7]} Qe8 21. Bh6 $14) 20... e4 $2 {[%mdl 8192] [#] This move loses the game for Black.} (20... Re8 $14) 21. g4 $18 f4 (21... fxg4 {was called for.} 22. Qxg4 (22. Qxe4 Qh4 $16) 22... b5 23. Qxe4 bxc4) 22. Qxe4 Qh4 23. c5 Bb8 24. d6 Nf6 25. Qxf4 Qxg4 26. Qxf6 {[%csl Gb2][%cal Rf6h8]} Qe4+ 27. Rf3 {Accuracy: White = 79%, Black = 44%.} 1-0

[Event "Moscow-ch Men 2020"]
[Site "Moscow"]
[Date "2020.09.21"]
[Round "9.1"]
[White "Antipov, Mikhail Al."]
[Black "Anfinogenov, Artem"]
[Result "1-0"]
[WhiteElo "2584"]
[BlackElo "2054"]
[Annotator "TA"]
[PlyCount "112"]
[EventDate "2020.09.15"]
[EventType "swiss"]
[EventCountry "RUS"]
[SourceTitle "playchess.com"]
[Source "ChessBase"]
[SourceQuality "1"]

{[%evp 12,112,7,0,55,42,75,46,43,53,56,56,74,68,50,48,95,102,118,108,144,147,237,231,229,232,237,237,241,218,237,235,206,229,264,256,271,276,274,281,341,342,339,343,343,329,451,451,443,439,437,433,485,485,485,485,485,485,485,485,485,478,471,478,598,478,471,471,471,464,464,449,456,401,442,408,408,405,401,379,990,972,12827,12830,12827,12830,12830,12831,12831,12831,12832,12831,12833,12833,12838,12839,12838,12835,12833,12833,29988,29989,29989]} 1. e4 c5 2. Nf3 d6 3. h3 Nf6 4. Nc3 a6 5. d4 cxd4 6. Nxd4 e5 7. Nb3 h5 {B90: Sicilian Najdorf: Unusual White 6th moves, 6 Be3 Ng4 and 6 Be3 e5.} ({Black should try} 7... Be6 $11) 8. Be2 {8.f4 is a critical line.} Be7 9. O-O Be6 {[#] White is slightly better.} 10. f4 $146 ({Predecessor:} 10. Be3 Qc7 11. Nd5 Bxd5 12. exd5 Nbd7 13. c4 Nc5 14. Nxc5 dxc5 15. Qd2 Bd6 16. f4 {1-0 (32) Risteski,E (2159)-Ismaili,A (1623) Ohrid 2020}) 10... b5 11. Be3 Nbd7 12. f5 $36 {[%mdl 2048] White has the initiative.} Bxb3 13. axb3 Qb8 {White now steadily converts the win.} 14. b4 Bd8 15. Kh1 Kf8 16. Qd3 Bc7 (16... Bb6 $16 {was worth a try.} 17. Rfd1 Bxe3 18. Qxe3 Nb6) 17. Ra2 $18 Qb7 18. Rfa1 Ke7 19. Bg5 Nb6 20. Nd5+ Nbxd5 21. Qxd5 ({Much less strong is} 21. exd5 $6 Bb6 $16) 21... Qxd5 22. exd5 Rab8 23. Rxa6 Kd7 24. Bxf6 gxf6 25. Ra7 Rhe8 26. Bxh5 Re7 27. Be2 Kd8 28. c3 e4 29. g4 Re5 30. Rd1 Re7 31. Kg2 Bb6 32. Rxe7 Kxe7 33. Bxb5 {[%mdl 4096] Endgame KRB-KRB} Ra8 34. Re1 e3 35. Bc4 Kf8 36. Kf3 Kg7 37. h4 Rh8 38. Rh1 Re8 39. Be2 Ra8 40. Kf4 Ra2 41. Rb1 Ra8 42. Bc4 Rh8 43. Rh1 Re8 44. Ra1 e2 45. Re1 Bf2 $2 {[#]} (45... Rh8 46. h5 Re8 47. Rxe2 Rxe2) 46. Rxe2 Rxe2 47. Bxe2 Bxh4 {KB-KB} 48. Ke3 Kf8 49. Kd4 Ke7 50. Kc4 Kd7 51. Kb5 Kc7 52. Ka6 Bf2 53. Bb5 Be3 54. Be8 Bc1 55. b5 Bxb2 56. Ka7 Bc1 {Accuracy: White = 93%, Black = 62%.} 1-0